| 000 | 00536nam a22001817a 4500 | ||
|---|---|---|---|
| 005 | 20251108164802.0 | ||
| 008 | 250721s1994 xx 000 0 ara d | ||
| 082 | 1 | 4 | _a616.08/أحم |
| 100 | 1 | _aحافظ، أحمد خيري | |
| 245 | 1 | 0 | _aأزمة منتصف العمر / |
| 264 | 1 |
_aالقاهرة : _bدار أخبار اليوم، _c1994. |
|
| 300 | _a128ص | ||
| 490 | 0 | _aكتاب اليوم الطبي ؛ 146 | |
| 650 | 1 | 7 | _aالطب النفسي |
| 650 | 1 | 7 | _aالعلاج النفسي |
| 942 |
_2ddc _cBK |
||
| 999 |
_c14297 _d14297 |
||